书目信息 |
| 题名: |
水文地质勘察
|
|
| 作者: | 蓝俊康 , 郭纯青 主编 | |
| 分册: | ||
| 出版信息: | 北京 中国水利水电出版社 2017 |
|
| 页数: | 371页 | |
| 开本: | 26cm | |
| 丛书名: | 高等学校水利学科专业规范核心课程教材 | |
| 单 册: | ||
| 中图分类: | P641.72 | |
| 科图分类: | ||
| 主题词: | 水文地质勘探--shui wen di zhi kan tan--高等学校--教材 | |
| 电子资源: | ||
| ISBN: | 978-7-5170-5636-2 | |
| 000 | 01284nam 2200337 45 | |
| 001 | 012001003346 | |
| 005 | 20191204111829.43 | |
| 010 | @a978-7-5170-5636-2@dCNY56.00 | |
| 099 | @aCAL 012017172504 | |
| 100 | @a20170930d2017 em y0chiy50 ea | |
| 101 | 0 | @achi |
| 102 | @aCN@b110000 | |
| 105 | @aafk a 000yy | |
| 106 | @ar | |
| 200 | 1 | @a水文地质勘察@Ashui wen di zhi kan cha@f蓝俊康, 郭纯青主编 |
| 205 | @a第2版 | |
| 210 | @a北京@c中国水利水电出版社@d2017 | |
| 215 | @a371页@c图@d26cm | |
| 225 | 2 | @a高等学校水利学科专业规范核心课程教材@Agao deng xue xiao shui li xue ke zhuan ye gui fan he xin ke cheng jiao cai@i水文与水资源工程 |
| 300 | @a普通高等教育“十三五”规划教材 | |
| 305 | @a本书初版于2008年 | |
| 320 | @a有书目 | |
| 330 | @a本书分为水文地质勘察的技术方法、各类专门性的水文地质勘察两篇,主要内容包括:水文地质勘察工作概述;水文地质测绘;水文地质物探等。 | |
| 333 | @a适用于高等学校水利学科专业师生及相关读者。 | |
| 410 | 0 | @12001 @a高等学校水利学科专业规范核心课程教材@i水文与水资源工程 |
| 606 | 0 | @a水文地质勘探@Ashui wen di zhi kan tan@x高等学校@j教材 |
| 690 | @aP641.72@v5 | |
| 701 | 0 | @a蓝俊康@Alan juan kang@4主编 |
| 701 | 0 | @a郭纯青@Aguo chun qing@4主编 |
| 801 | 2 | @aCN@b北京卓展@c20191020 |
| 905 | @b1211299-302@dP641.72@e118=2@f4 | |
| 水文地质勘察/蓝俊康, 郭纯青主编.-第2版.-北京:中国水利水电出版社,2017 |
| 371页:图;26cm.-(高等学校水利学科专业规范核心课程教材.水文与水资源工程) |
| 普通高等教育“十三五”规划教材.-使用对象:适用于高等学校水利学科专业师生及相关读者。 |
| ISBN 978-7-5170-5636-2:CNY56.00 |
| 本书分为水文地质勘察的技术方法、各类专门性的水文地质勘察两篇,主要内容包括:水文地质勘察工作概述;水文地质测绘;水文地质物探等。 |
| ● |
| 相关链接 |
|
|
|
|
正题名:水文地质勘察
索取号:P641.72/118=2
 
预约/预借
| 序号 | 登录号 | 条形码 | 馆藏地/架位号 | 状态 | 备注 |
| 1 | 1211299 | 212112998 | 第二样本阅览室/ [索取号:P641.72/118=2] | 在馆 | |
| 2 | 1211300 | 212113005 | 第三借阅区/ [索取号:P641.72/118=2] | 在馆 | |
| 3 | 1211301 | 212113014 | 第三借阅区/ [索取号:P641.72/118=2] | 在馆 | |
| 4 | 1211302 | 212113023 | 第三借阅区/ [索取号:P641.72/118=2] | 在馆 |